| 000 | 00744nam a2200181Ia 4500 | ||
|---|---|---|---|
| 999 |
_c1918 _d1918 |
||
| 008 | 191121s 2010 ||||xx |||||||||||||| ||und|| | ||
| 020 | _a9789280151510 | ||
| 082 |
_a341.76253 _bIMO |
||
| 110 | _aInternational Maritime Organization | ||
| 245 | 0 | _aInternational safety management code (ISM code) and guidelines on the implementation of the ISM code | |
| 250 | _a3rd | ||
| 260 |
_aLondon _bIndian Maritime Organization _c2010 |
||
| 300 | _avi, 73p. | ||
| 650 | _aGuidelines on implementation of the International Safety Management Code by Administrations | ||
| 650 | _aGuidelines for the operational implementation of the International Safety management Code by Companies | ||
| 650 | _aGuidance on near-miss reporting | ||
| 942 | _cBK | ||